| 000 | 00979nam a22002777a 4500 | ||
|---|---|---|---|
| 001 | 35710 | ||
| 003 | BD-RjUL | ||
| 005 | 20211209052351.0 | ||
| 008 | 140529s19651951n a|||| b||| 001 0 eng d | ||
| 020 | _a0669995312 | ||
| 035 | _a(BD-RjUL)35805 | ||
| 040 |
_aDLC _beng _cDLC _dBD-RjUL |
||
| 041 | _aeng | ||
| 082 | 0 | 0 |
_a320 _bPOL 1965 |
| 245 | 0 | 0 |
_aThe policy sciences / _cEdited by Daniel Lerner and Harold D. Lasswell ; with the editorial collaboration of Harold H. Fisher... [et al.] |
| 260 |
_aCalifornia : _bStandford Unversity Press, _cc1951 [Reprinted 1965]. |
||
| 300 |
_axiv, 344 p. : _bill. ; _c24 cm. |
||
| 490 | _aHoover Institution Studies | ||
| 504 | _aIncludes bibliographical references and index. | ||
| 650 | 0 |
_aPolicy sciences. _9107740 |
|
| 650 | 0 |
_aSocial sciences. _9219250 |
|
| 700 |
_aLerner, Daniel , ed. _9108750 |
||
| 700 |
_aLasswell, Harold D., jt. ed. _9108751 |
||
| 700 |
_aFisher, Harold H. ... [et al.], jt. ed. _9219251 |
||
| 942 |
_2ddc _cBK |
||
| 999 |
_c35710 _d35710 |
||